MARC

LEADER 00000nam0a2200000 4500
001 310950
005 20231102002334.0
020 |a RU  |b 83-79775 
035 |a (RuTPU)RU\TPU\book\336305 
035 |a RU\TPU\book\298440 
090 |a 310950 
100 |a 20151201d1981 km y0rusy5003 ca 
101 0 |a rus 
102 |a RU 
105 |a a z 001zy 
200 1 |a Повышение устойчивости и динамического качества металлорежущих станков  |e межвузовский тематический сборник научных трудов  |f Куйбышевский политехнический институт им. В. В. Куйбышева (КПИ) ; под ред. М. К. Клебанова 
210 |a Куйбышев  |c Изд-во КАИ  |d 1981 
215 |a 136 с.  |c ил. 
320 |a Библиогр. в конце ст. 
606 1 |a Металлорежущие станки  |x Устойчивость  |2 stltpush  |3 (RuTPU)RU\TPU\subj\42590  |9 62249 
610 1 |a динамический расчет 
610 1 |a динамические модели 
610 1 |a гидравлические приводы 
610 1 |a автоматическое управление 
610 1 |a режущий инструмент 
610 1 |a износ 
610 1 |a шпиндельные узлы 
610 1 |a температурная деформация 
610 1 |a скорость 
610 1 |a точность 
610 1 |a теория графов 
675 |a 621.9.06.01  |z rus  |v 3 
702 1 |a Клебанов  |b М. К.  |g Матвей Копелевич  |4 340 
712 0 2 |a Куйбышевский политехнический институт им. В. В. Куйбышева (КПИ)  |c (1962-1991)  |2 stltpush  |3 (RuTPU)RU\TPU\col\320 
801 0 |a RU  |b RuMRKP  |c 19950704  |g psbo 
801 1 |a RU  |b 63413507  |c 20141112 
801 2 |a RU  |b 63413507  |c 20190927  |g RCR 
942 |c BK